Loading...
| Any History | 0 | 4 | 0 | 1 | 40 | 68 | 103.00 | 0 | 0 |
| Literature - World Literature | 0 | 3 | 0 | 1 | 30 | 112 | 125.00 | 0 | 0 |
| Philosophy | 0 | 3 | 0 | 1 | 30 | 87 | 108.00 | 1 | 1 |
| Literature - European Literature | 0 | 2 | 0 | 0 | 20 | 83 | 94.50 | 0 | 0 |
| Literature - British Literature | 0 | 2 | 1 | 1 | 15 | 107 | 122.50 | 0 | 0 |
| Fine Arts - Other Fine Arts | 0 | 2 | 1 | 1 | 15 | 101 | 127.50 | 0 | 0 |
| Other Academic | 0 | 1 | 0 | 1 | 10 | 147 | 147.00 | 0 | 0 |
| History - European History | 0 | 1 | 1 | 0 | 5 | 89 | 89.00 | 0 | 1 |
| Mythology | 0 | 1 | 1 | 1 | 5 | 145 | 145.00 | 0 | 0 |
| Religion | 0 | 1 | 2 | 0 | 0 | 28 | 28.00 | 0 | 1 |
| History - World History | 0 | 0 | 1 | 0 | -5 | 0.00 | 0 | 0 | |
| Science - Biology | 0 | 0 | 2 | 0 | -10 | 0.00 | 0 | 0 |